| 000 | 01189nam a22003977a 4500 | ||
|---|---|---|---|
| 001 | BR7908226 | ||
| 003 | BR-BrBNA | ||
| 005 | 20230928090342.0 | ||
| 007 | ta | ||
| 008 | 230509b bl.||||| |||| 00| 0 por d | ||
| 040 |
_aBR-BrBNA _bpor _cBiblioteca Nacional de Agricultura |
||
| 041 | _a(Eng, Spa, Por) | ||
| 072 |
_aF70 _b3200 |
||
| 090 | _ 3200 BR7908226 | ||
| 100 | 1 | _aRibeiro, V.M.L. | |
| 100 | 1 | _aMautone, L. | |
| 100 | 1 | _aValente, M. da C. | |
| 100 | 1 | _aFerreira, V.F. | |
| 100 | 1 | _aAbreu, C.L.B. de | |
| 100 | 1 | _aBautista, H.P. | |
| 100 | 1 | _aLeao, A. de S. | |
| 100 | 1 | _aPeixoto, A.L. | |
| 100 | 1 | _aGuimaraes, E.F. | |
| 100 | 1 | _aPereira, J.F. | |
| 110 | 1 |
_aJardim Botanico do Rio de Janeiro, RJ (Brasil). Secao de Botanica Sistematica _96638 |
|
| 245 | 1 |
_aBibliografia de botanica. 5. Taxonomia de Angiospermae Dicotyladoneae [arvore florestal] _bAnexo |
|
| 260 | 3 |
_aRio de Janeiro, RJ (Brasil): _c1979. |
|
| 300 | _a80 p. | ||
| 500 | _aReprint of: "Rodriguesia" v. 31(50)1979 | ||
| 650 | _aTAXONOMIA VEGETAL | ||
| 650 | _aARVORE ANGIOSPERMA | ||
| 650 | _aBOTANICA | ||
| 650 | _aBIBLIOGRAFIA | ||
| 909 |
_a202309 _bLucia _c55 _dLucia Elande |
||
| 942 | _cBK | ||
| 999 |
_c28534 _d28534 |
||